A history of Persia from the beginning of the nineteenth century to the year 1858 : (Record no. 21662)

MARC details
000 -LEADER
fixed length control field 00786cam a2200217u 4500
001 - CONTROL NUMBER
control field 9140061
003 - CONTROL NUMBER IDENTIFIER
control field BDDh-ASL
005 - DATE AND TIME OF LATEST TRANSACTION
control field 20231015030026.0
008 - FIXED-LENGTH DATA ELEMENTS--GENERAL INFORMATION
fixed length control field 821002s1866 enk 000 0 eng
010 ## - LIBRARY OF CONGRESS CONTROL NUMBER
LC control number 05012110
040 ## - CATALOGING SOURCE
Original cataloging agency DLC
Transcribing agency CarP
Modifying agency DLC
-- BDDh-ASL
050 00 - LIBRARY OF CONGRESS CALL NUMBER
Classification number DS298
Item number .W3
082 ## - DEWEY DECIMAL CLASSIFICATION NUMBER
Classification number 955
Item number WAH
100 1# - MAIN ENTRY--PERSONAL NAME
Personal name Watson, Robert Grant. [from old catalog]
245 02 - TITLE STATEMENT
Title A history of Persia from the beginning of the nineteenth century to the year 1858 :
Remainder of title with a review of the principal events that led to the establishment of the Kajar dynasty /
Statement of responsibility, etc. by Robert Grant Watson.
260 ## - PUBLICATION, DISTRIBUTION, ETC.
Place of publication, distribution, etc. London:
Name of publisher, distributor, etc. Smith, Elder and co.,
Date of publication, distribution, etc. 1866.
300 ## - PHYSICAL DESCRIPTION
Extent xii, 465, [1] p. :
Dimensions 23 cm.
651 #0 - SUBJECT ADDED ENTRY--GEOGRAPHIC NAME
Geographic name Iran
General subdivision History.
906 ## - LOCAL DATA ELEMENT F, LDF (RLIN)
a 0
b cbc
c premunv
d u
e ncip
f 19
g y-gencatlg
942 ## - ADDED ENTRY ELEMENTS (KOHA)
Source of classification or shelving scheme Dewey Decimal Classification
Koha item type Books
Holdings
Withdrawn status Lost status Source of classification or shelving scheme Damaged status Not for loan Collection code Home library Current library Shelving location Date acquired Source of acquisition Total Checkouts Full call number Barcode Date last seen Copy number Price effective from Koha item type Public note
    Dewey Decimal Classification   Not For Loan Non-fiction Asiatic Society Library Asiatic Society Library General Stacks 02/09/2021 ASB Library Collections   955 WAH 105515 02/09/2021 C-1 02/09/2021 Books RARE

Powered by Koha